Initiation a l'education permanente.

Guardat en:
Dades bibliogràfiques
Autor principal: Le Veugle, Jean (autor)
Format: Llibre
Idioma:francès
Col·lecció:(Epoque)
Matèries:
Etiquetes: Afegir etiqueta
Sense etiquetes, Sigues el primer a etiquetar aquest registre!

MARC

LEADER 00000cam^a2200000uu^4500
001 000475521
005 20250521000000.0
008 050901s1968^^^^^^^^^^^^r^^r^^000^0^fre^d
009 20260310124803.506
035 |a FCE 000018387 
035 |a FCE 021465 
037 |a Acervo ITESO - Biblioteca 
041 |a FRA 
082 0 4 |a 374.9  |b LEVi 
100 |a Le Veugle, Jean  |e (autor) 
245 1 0 |a Initiation a l'education permanente. 
264 |a París :  |b Privat,  |c 1968. 
300 |a 225 p. 
336 |a texto  |b txt  |2 rdacontenido 
337 |a sin mediación  |b n  |2 rdamedio 
338 |a volumen  |b nc  |2 rdasoporte 
440 0 |a (Epoque) 
649 |a XX 
650 |a Educación popular 
650 |a Educación de adultos 
650 |a Formación profesional 
650 |a Pedagogía 
650 |a Educación permanente 
650 |a Francia 
910 |a Fondo Centro de Estudios Educativos 
920 |a Impresos - Libros 
930 |a Fondos Especiales 
905 |a 133 
901 |a ALE021465  |b IT2  |c CEE  |u 20250521 
902 |a https://opac.biblio.iteso.mx/vufind/Record/000475521